Madden 26 Top 100 Wide Receivers - Statistics

General Stats
  • This quiz has been taken 411 times
    114 since last reset
  • The average score is 70 of 100
Answer Stats
Hint Answer % Correct
LIONS Amon-Ra St. Brown
100%
COWBOYS CeeDee Lamb
100%
EAGLES DeVonta Smith
100%
JAGUARS Dyami Brown
100%
BENGALS Ja'Marr Chase
100%
CHIEFS Juju Smith-Schuster
100%
VIKINGS Justin Jefferson
100%
CHIEFS Marquise Brown
100%
COMMANDERS Noah Brown
100%
RAMS Puka Nacua
100%
EAGLES A.J. Brown
99%
RAMS Davante Adams
99%
BUCCANEERS Mike Evans
99%
DOLPHINS Tyreek Hill
99%
FALCONS Drake London
96%
COWBOYS George Pickens
96%
TEXANS Jayden Higgins
96%
BENGALS Tee Higgins
96%
SAINTS Chris Olave
94%
PATRIOTS Stefon Diggs
94%
RAVENS Zay Flowers
94%
LIONS Jameson Williams
93%
SEAHAWKS Jaxon Smith-Njigba
93%
DOLPHINS Jaylen Waddle
93%
JETS Garrett Wilson
92%
CARDINALS Michael Wilson
92%
STEELERS D.K. Metcalf
90%
BRONCOS Courtland Sutton
89%
BEARS DJ Moore
89%
GIANTS Malik Nabers
89%
TEXANS Nico Collins
89%
VIKINGS Rondale Moore
89%
SEAHAWKS Cooper Kupp
86%
CHARGERS Keenan Allen
86%
COMMANDERS Terry McLaurin
86%
COMMANDERS Deebo Samuel
85%
COLTS Michael Pittman
85%
CHIEFS Rashee Rice
85%
COLTS Alec Pierce
83%
JAGUARS Brain Thomas Jr
81%
VIKINGS Jordan Addison
79%
49ERS Brandon Aiyuk
78%
BUCCANEERS Chris Godwin
78%
CHARGERS Ladd McConkey
76%
BEARS Rome Odunze
76%
49ERS Demarcus Robinson
74%
PANTHERS Tetairoa McMillan
74%
GIANTS Wan'Dale Robinson
74%
BROWNS Jerry Jeudy
72%
BUCCANEERS Emeka Egbuka
71%
BILLS Khalil Shakir
71%
CARDINALS Marvin Harrison Jr
71%
49ERS Ricky Pearsall
71%
PACKERS Romeo Doubs
71%
49ERS Jauan Jennings
69%
RAVENS DeAndre Hopkins
68%
TEXANS Tank Dell
68%
CHIEFS Xavier Worthy
68%
PACKERS Christian Watson
67%
JAGUARS Jakobi Meyers
67%
JAGUARS Travis Hunter
67%
PACKERS Jayden Reed
65%
BILLS Keon Coleman
65%
CHARGERS Quentin Johnston
65%
SEAHAWKS Rashid Shaheed
65%
COLTS Josh Downs
64%
PATRIOTS Kayshon Boutte
61%
PACKERS Matthew Golden
61%
JAGUARS Parker Washington
60%
BEARS Luther Burden III
58%
RAVENS Rashod Bateman
58%
BRONCOS Marvin Mims Jr
56%
TITANS Calvin Ridley
53%
STEELERS Calvin Austin
50%
GIANTS Darius Slayton
49%
FALCONS Darnell Mooney
49%
RAIDERS Tre Tucker
49%
TEXANS Christian Kirk
47%
PATRIOTS DeMario Douglas
47%
BRONCOS Troy Franklin
46%
BILLS Brandin Cooks
42%
VIKINGS Jalen Nailor
42%
49ERS Kendrick Bourne
42%
COWBOYS KaVontae Turpin
40%
RAIDERS Tyler Lockett
40%
VIKINGS Adam Thielen
39%
RAMS Tutu Atwell
39%
JETS Adonai Mitchell
36%
PACKERS Dontayvion Wicks
36%
BILLS Joshua Palmer
36%
PATRIOTS Mack Hollins
36%
TITANS Elic Ayomanor
32%
PANTHERS Jalen Coker
32%
SEAHAWKS Tory Horton
31%
COWBOYS Ryan Flournoy
28%
LIONS Kalif Raymond
25%
CHIEFS Tyquan Thornton
25%
BUCCANEERS Sterling Shepard
22%
JETS Josh Reynolds
18%
JAGUARS Tim Patrick
18%
No matching quizzes found
Score Distribution
Percent of People with Each Score
Percentile by Number Answered
Your Score History
You have not taken this quiz since the last reset